000 00652nam a2200277Ia 4500
005 20260324125347.0
008 008 260324s9999 xx 000 0 eng d
020 _a9781315653457
037 _aEBOOK
040 _aCRL
040 _beng
040 _cCRL
041 _2eng
041 _aeng
084 _qCRL
100 _aSteve Clark; Tristanne Connolly
_91177694
245 0 _aLiberating Medicine, 1720–1835
260 _bTaylor and Francis
260 _c2009
365 _a
365 _b240
856 _uhttp://www.taylorfrancis.com/books/9781315653457
942 _cEBOOK
999 _c1772856
_d1772856